000 00917cab a2200265 4500
001 ABS55809
008 090401t1996 xxu||||| |||| 00| 0 eng d
035 _a(Sirsi) u18921
041 _aeng
100 _aMason, P.
245 _aWaterloo`s battle
260 _c1996
350 _a0
490 _aHousing
_v32(7) September 1996, 15(1)
520 _aSuggests that although Waterloo Housing Association recently won a court case which resulted in a firm of solicitors being ordered to pay £40,000 costs for wasting time over a disrepair case, solicitors will continue to bring a high number of statutory nuisance cases against local authorities.
650 _aDISREPAIR
650 _aHOUSING ASSOCIATIONS
650 _aLOCAL AUTHORITIES
650 _aSOLICITORS
650 _aSTATUTORY NUISANCE
650 _aWATERLOO HOUSING ASSOCIATION
690 _aHOUSING
942 _n0
948 _c04/03/1997
999 _c12585
_d12585